00696nam a2200241 a 4500001001300000003000900013005001700022008004100039020002300080082001600103100002100119245002700140260002500167300000900192500003500201505002400236650002200260700002100282902000800303942000700311952011900318999001700437nice12345678IN_TiNIC20260116014931.0050524s1998 lona grp 000 0 eng  a0304016 c10000a297.63bBEN aBennett, Clinton aIn Search of Muhammad. aLondonbCasselc1998 a275p aincludes index and biblioraphy2 aAppendex, Reference aMuhammad, Prophet1 aBennett, Clinton bSRS cBK 001040708StackRoom-aHMIbHMId2007-07-09g100.00l0o297.63 BENp11000996r2007-07-09v100.00w2005-05-24yBK c17604d17604